000 00521nam a22001937a 4500
003 OSt
005 20240103091929.0
008 240103b |||||||| |||| 00| 0 eng d
020 _a0415417740
040 _cddc
082 _a307.76 HOL 2007.
100 _aHolton,RJ;
_916866
245 _aCities,capitalism and civilization
_cHolton RJ;
260 _aNewyork,
_bRoutledge,
_c2007.
300 _aix,163p;
_bill;
_c24cm.
504 _aIncludes references and index.
650 _asocial sciences
_9312
942 _2z
_cO_SHELF
999 _c8251
_d8251